000 00701nam a2200289Ia 4500
005 20260324131006.0
008 008 260324s9999 xx 000 0 eng d
020 _a9781003424024
037 _aEBOOK
040 _aCRL
040 _beng
040 _cCRL
041 _2eng
041 _aeng
084 _qCRL
100 _aAhmed Youssef; Yang Daye; Donald Daniel Leslie
_91183812
245 0 _aIslam in Traditional China
245 2 _bA Bibliographical Guide
260 _bTaylor and Francis
260 _c2006
365 _a
365 _b325
856 _uhttp://www.taylorfrancis.com/books/9781003424024
942 _cEBOOK
999 _c1780581
_d1780581